| 000 | 00512nam a22001817a 4500 | ||
|---|---|---|---|
| 999 |
_c2954 _d2954 |
||
| 003 | AR-CdUCM | ||
| 008 | 190305b ||||| |||| 00| 0 spa d | ||
| 040 |
_aMUNICIPALIDAD PROVINCIAL DEL CUSCO _cBIBLIOTECA MUNICIPAL DEL CUSCO |
||
| 082 |
_a869.56 / _bV39 |
||
| 100 |
_aVega, Alberto _910125 |
||
| 245 | _aPoemas / | ||
| 260 |
_aArequipa : _bHozega, _c1966. |
||
| 300 |
_a16 páginas ; _c15 cm. |
||
| 650 |
_aPoesia peruana _99599 |
||
| 700 |
_aPortocarrero, Anibal _910126 |
||
| 942 |
_2ddc _cLIBROS |
||
| 945 | _aafb | ||